|
|
|
|
| LEADER |
00000nam2a2200000 4500 |
| 001 |
293547 |
| 005 |
20231102000614.0 |
| 035 |
|
|
|a (RuTPU)RU\TPU\book\318585
|
| 090 |
|
|
|a 293547
|
| 100 |
|
|
|a 20150502d1983 k y0rusy50 ca
|
| 101 |
0 |
|
|a rus
|
| 102 |
|
|
|a UZ
|
| 105 |
|
|
|a a z 001zy
|
| 200 |
0 |
|
|a Вып. 123 : Кибернетика в медицине и биологии
|f отв. ред. В. К. Кабулов
|
| 210 |
|
|
|d 1983
|
| 215 |
|
|
|a 110 с.
|c ил.
|
| 320 |
|
|
|a Библиография в конце статей
|
| 461 |
|
1 |
|0 (RuTPU)RU\TPU\book\169061
|x 0321-2769
|t Вопросы кибернетики
|o сборник научных трудов
|f Академия наук Узбекской ССР, Научно-издательский совет ; отв. ред. Т. Ф. Бекмуратов
|v Вып. 123 : Кибернетика в медицине и биологии
|d 1966-1991
|
| 606 |
1 |
|
|a Кибернетика
|2 stltpush
|3 (RuTPU)RU\TPU\subj\39446
|9 59539
|
| 610 |
1 |
|
|a электроэнцефалограммы
|
| 610 |
1 |
|
|a равномерная дискретизация
|
| 610 |
1 |
|
|a выбор
|
| 610 |
1 |
|
|a сахарный диабет
|
| 610 |
1 |
|
|a лечение
|
| 610 |
1 |
|
|a базовые модели
|
| 610 |
1 |
|
|a патологические состояния
|
| 610 |
1 |
|
|a классификация
|
| 610 |
1 |
|
|a минимальные клинические данные
|
| 610 |
1 |
|
|a катаракта
|
| 610 |
1 |
|
|a диагностика
|
| 610 |
1 |
|
|a слежение
|
| 610 |
1 |
|
|a автоматизированные системы
|
| 610 |
1 |
|
|a кровь
|
| 610 |
1 |
|
|a диализ
|
| 610 |
1 |
|
|a обобщенный критерий
|
| 675 |
|
|
|a 681.5
|v 3
|
| 702 |
|
1 |
|a Кабулов
|b В. К.
|4 340
|
| 801 |
|
1 |
|a RU
|b 63413507
|c 20150502
|
| 801 |
|
2 |
|a RU
|b 63413507
|c 20170210
|g RCR
|
| 942 |
|
|
|c BK
|